[Event "MCR mladeze 2014, D10"]
[Site "Kouty nad Desnou"]
[Date "2014.03.15"]
[Round "9"]
[White "Korenova, Karolina"]
[Black "Vsetulova, Viktorie"]
[Result "1-0"]
[WhiteElo "1256"]
[BlackElo "1241"]
[PlyCount "120"]
[EventDate "2014.03.08"]

1. e4 e5 2. Nf3 Nc6 3. Nc3 Nf6 4. Bb5 d6 5.
d3 Be7 6. Bg5 O-O 7. Qe2 Bg4 8. Bxc6 bxc6 9. O-O Re8 10. h3 Bh5 11. Rad1 h6 12.
Bc1 Qd7 13. Qe3 Qe6 14. Bd2 Rad8 15. Rb1 d5 16. exd5 Nxd5 17. Qxe5 Qg6 18. Qg3
Qf6 19. Nxd5 cxd5 20. Be3 d4 21. Bxd4 Rxd4 22. Nxd4 Qxd4 23. Rfe1 Qf6 24. Qe5
Kf8 25. Qxh5 c6 26. Qf3 a6 27. Qxf6 Bxf6 28. Rxe8+ Kxe8 29. b4 Kd7 30. a4 Kc7
31. Kf1 Kb6 32. Ke2 Bc3 33. Rb3 Be5 34. Ke3 c5 35. bxc5+ Kxc5 36. c3 Kd5 37.
Rb4 Bxc3 38. Rb7 a5 39. Rxf7 Kc5 40. Rb7 Kd5 41. Rb5+ Kc6 42. d4 Bb4 43. Rxb4
axb4 44. Kd3 Kd5 45. a5 Kc6 46. Kc4 b3 47. Kxb3 Kb5 48. a6 Kxa6 49. Kc4 Kb6 50.
Kd5 Kb7 51. Kd6 Kc8 52. Ke7 g5 53. d5 h5 54. d6 g4 55. d7+ Kc7 56. d8=Q+ Kc6
57. hxg4 hxg4 58. f3 gxf3 59. gxf3 Kc5 60. f4 Kc6 1-0

[Event "MCR mladeze 2014, D10"]
[Site "Kouty nad Desnou"]
[Date "2014.03.15"]
[Round "9"]
[White "Ruzickova, Ema"]
[Black "Lhotska, Anna"]
[Result "0-1"]
[WhiteElo "1116"]
[BlackElo "1160"]
[PlyCount "68"]
[EventDate "2014.03.08"]

1. e4 e5 2. f4 Bc5 3. Nf3 d5 4. Nc3 dxe4 5. Nxe4 Bb6 6. Bc4 Nc6 7. h3 Be6 8.
Bb5 exf4 9. d4 Qe7 10. d5 O-O-O 11. d6 cxd6 12. Bxf4 Bf5 13. Qe2 Bxe4 14. O-O-O
Nf6 15. Bxc6 bxc6 16. Rhe1 Rhe8 17. Qa6+ Kb8 18. Re2 Ka8 19. Rde1 Qb7 20. Qa4
d5 21. Ne5 Re6 22. Nf3 Rde8 23. Qb3 Bxf3 24. Qxf3 Ne4 25. Qg4 Bd4 26. b3 Qb4
27. Qf3 Qa3+ 28. Kd1 Nc3+ 29. Kd2 Nxe2 30. Rxe2 Rxe2+ 31. Kd1 Qb4 32. c3 Re1+
33. Kd2 R8e2+ 34. Kd3 Qxc3# 0-1

[Event "MCR mladeze 2014, D10"]
[Site "Kouty nad Desnou"]
[Date "2014.03.15"]
[Round "9"]
[White "Habinova, Alice"]
[Black "Zachova, Tereza"]
[Result "0-1"]
[WhiteElo "1100"]
[BlackElo "1059"]
[PlyCount "30"]
[EventDate "2014.03.08"]

1. e4 e5 2. Nf3 Nc6 3. d4 exd4 4. Nxd4 Nxd4 5. Qxd4 Nf6 6. Nc3 Bd6 7. Bg5 h6 8.
Bh4 Bf4 9. Ne2 Bd6 10. O-O-O O-O 11. e5 c5 12. Qe3 Re8 13. Rxd6 Qa5 14. a3 Re6
15. Rxe6 Qe1# 0-1

[Event "MCR mladeze 2014, D10"]
[Site "Kouty nad Desnou"]
[Date "2014.03.15"]
[Round "9"]
[White "Dudova, Pavlina"]
[Black "Muzikarova, Magdalena"]
[Result "1-0"]
[WhiteElo "1047"]
[BlackElo "1000"]
[PlyCount "43"]
[EventDate "2014.03.08"]

1. e4 e5 2. Nf3 Nc6 3. Bb5 a6 4. Ba4 Bc5 5. Nc3 Nf6 6. O-O O-O 7. d3 d6 8. Bg5
Bg4 9. Nd5 Nd4 10. Nxf6+ Kh8 11. Nxg4 Qb8 12. Nxd4 Bxd4 13. Ne3 Bxe3 14. fxe3
b5 15. Bb3 Qa7 16. Bxf7 Rfd8 17. Bxd8 Qxe3+ 18. Kh1 Rxd8 19. Qg4 Qd2 20. Qh4
Qh6 21. Qxh6 gxh6 22. Rf3 1-0

[Event "MCR mladeze 2014, D10"]
[Site "Kouty nad Desnou"]
[Date "2014.03.15"]
[Round "9"]
[White "Michalkova, Viktorie Nela"]
[Black "Ruzickova, Aneta"]
[Result "0-1"]
[WhiteElo "1100"]
[BlackElo "1083"]
[PlyCount "82"]
[EventDate "2014.03.08"]

1. e4 e5 2. Nf3 Nc6 3. Bc4 Bc5 4. Nc3 Nf6 5. d3 h6 6. Be3 Bxe3 7. fxe3 d6 8. h3
O-O 9. O-O Nh7 10. Qe2 Qf6 11. Nd4 Qg6 12. Rf5 Nxd4 13. exd4 Bxf5 14. exf5 Qxf5
15. Rf1 Qg6 16. dxe5 Rae8 17. d4 Ng5 18. Bd3 Nxh3+ 19. Kh1 Qg3 20. gxh3 Qxh3+
21. Kg1 c5 22. Bf5 Qg3+ 23. Kh1 dxe5 24. Rf3 exd4 25. Ne4 Qh4+ 26. Kg1 g6 27.
Bd7 Rxe4 28. Qd3 Rg4+ 29. Bxg4 Qxg4+ 30. Kf2 Re8 31. Re3 Qf4+ 32. Rf3 Qh4+ 33.
Kg2 Re3 34. Rxe3 dxe3 35. Qd8+ Kg7 36. Qd1 Qf2+ 37. Kh3 e2 38. Qxe2 Qxe2 39. b4
cxb4 40. c3 bxc3 41. a4 c2 0-1

[Event "MCR mladeze 2014, D10"]
[Site "Kouty nad Desnou"]
[Date "2014.03.15"]
[Round "9"]
[White "Garska, Lenka"]
[Black "Kovarova, Sasa"]
[Result "1-0"]
[WhiteElo "1273"]
[BlackElo "1000"]
[PlyCount "35"]
[EventDate "2014.03.08"]

1. e4 e5 2. Nf3 Nc6 3. d4 d5 4. Bb5 Nge7 5.
Nc3 dxe4 6. Nxe5 a6 7. Nxc6 bxc6 8. Bc4 c5 9. Qh5 g6 10. Qxc5 Qd6 11. Qxd6 cxd6
12. Nxe4 d5 13. Nf6+ Kd8 14. Nxd5 Nxd5 15. Bxd5 Ke7 16. Bxa8 Bg7 17. c3 Bf5 18.
Bg5+ 1-0

[Event "MCR mladeze 2014, D12"]
[Site "Kouty nad Desnou"]
[Date "2014.03.08"]
[Round "1"]
[White "Nemcova, Karin"]
[Black "Kocourkova, Klara"]
[Result "1-0"]
[WhiteElo "1696"]
[BlackElo "1297"]
[PlyCount "55"]
[EventDate "2014.??.??"]

1. e4 d5 2. exd5 Nf6 3. d4 Bg4 4. f3 Bf5 5. Bb5+ Nbd7 6. c4 e6 7. dxe6 Bxe6 8.
d5 Bf5 9. Be3 Bb4+ 10. Nc3 O-O 11. Nge2 Bxc3+ 12. bxc3 a6 13. Bxd7 Qxd7 14. O-O
h6 15. Ng3 Bg6 16. Bd4 Qd6 17. Re1 c6 18. Ne4 Nxe4 19. fxe4 c5 20. e5 Qc7 21.
Bf2 Rad8 22. Bh4 Rd7 23. Qg4 Re8 24. e6 fxe6 25. Qxg6 Rf7 26. dxe6 Rff8 27.
Rad1 Qb6 28. Rd7 1-0

[Event "MCR mladeze 2014, D12"]
[Site "Kouty nad Desnou"]
[Date "2014.03.08"]
[Round "1"]
[White "Solcova, Andrea"]
[Black "Pribylova, Sofie"]
[Result "0-1"]
[WhiteElo "1260"]
[BlackElo "1540"]
[PlyCount "26"]
[EventDate "2014.??.??"]

1. Nf3 Nf6 2. g3 g6 3. Bg2 Bg7 4. O-O O-O 5. d3 d5 6. Nbd2 c5 7. e4 e6 8. c4 d4
9. Nb3 Qe7 10. Bd2 Nc6 11. Re1 e5 12. Nh4 Be6 13. Qf3 Bg4 0-1

[Event "MCR mladeze 2014, D12"]
[Site "Kouty nad Desnou"]
[Date "2014.03.08"]
[Round "1"]
[White "Vilimova, Julie"]
[Black "Lorencova, Michaela"]
[Result "1/2-1/2"]
[WhiteElo "1573"]
[BlackElo "1256"]
[PlyCount "101"]
[EventDate "2014.??.??"]

1. e4 e5 2. Nf3 Nf6 3. Nc3 Nc6 4. d4 exd4 5. Nxd4 Bb4 6. Nxc6 Bxc3+ 7. bxc3
bxc6 8. Bd3 O-O 9. O-O Re8 10. Re1 d5 11. exd5 cxd5 12. Rxe8+ Qxe8 13. Be3 Be6
14. Bd4 Qe7 15. Qf3 a5 16. Rb1 Rd8 17. Bxf6 Qxf6 18. Qxf6 gxf6 19. Rb7 Rc8 20.
Ra7 Rb8 21. f3 Rb2 22. Rxa5 Rb7 23. Ra8+ Kg7 24. a4 Rb1+ 25. Kf2 Ra1 26. a5 Ra3
27. a6 Ra1 28. Rb8 Ra3 29. Ke3 Ra4 30. Rb4 Ra5 31. Kd2 Bc8 32. Rh4 h6 33. Rb4
Bxa6 34. Bxa6 Rxa6 35. Rb7 Rc6 36. Kd3 Kg6 37. Rb4 Kg7 38. Rd4 Rc5 39. c4 dxc4+
40. Rxc4 Rxc4 41. Kxc4 Kf8 42. Kd5 Ke7 43. c4 Kd7 44. f4 c6+ 45. Kd4 Kd6 46.
c5+ Ke6 47. Ke4 f5+ 48. Kd4 Kf6 49. g3 h5 50. h4 Ke6 51. Kc4 1/2-1/2

[Event "MCR mladeze 2014, D12"]
[Site "Kouty nad Desnou"]
[Date "2014.03.08"]
[Round "1"]
[White "Urbanova, Daniela"]
[Black "Gresova, Zuzana"]
[Result "0-1"]
[WhiteElo "1239"]
[BlackElo "1550"]
[PlyCount "56"]
[EventDate "2014.??.??"]

1. e4 c5 2. Nc3 e6 3. Nf3 Nc6 4. Bc4 Be7 5. d4 cxd4 6. Nxd4 Nf6 7. Nxc6 bxc6 8.
Qd3 O-O 9. O-O a5 10. e5 Nd5 11. Bxd5 exd5 12. Qg3 Bh4 13. Qe3 Re8 14. Re1 d6
15. Qd4 Rb8 16. a3 Bb7 17. b4 dxe5 18. Rxe5 Bf6 19. Rxe8+ Qxe8 20. Qd2 c5 21.
Rb1 cxb4 22. axb4 Bxc3 23. Qxc3 Rc8 24. Qe3 Qc6 25. Qc5 Qg6 26. Qe3 Qxc2 27.
Ra1 Qd1+ 28. Qe1 Qxe1# 0-1

[Event "MCR mladeze 2014, D12"]
[Site "Kouty nad Desnou"]
[Date "2014.03.08"]
[Round "1"]
[White "Richterova, Julie"]
[Black "Otrubova, Kristyna"]
[Result "1-0"]
[WhiteElo "1508"]
[BlackElo "1192"]
[PlyCount "63"]
[EventDate "2014.03.08"]

1. d4 d5 2. c4 dxc4 3. Nc3 Nf6 4. Nf3 Bf5 5. Bg5 e6 6. e3 Nc6 7. Bxc4 Be7 8.
O-O O-O 9. Rc1 Qd7 10. Qd2 Rfd8 11. Rfd1 a6 12. h3 b5 13. Bb3 b4 14. Bxf6 Bxf6
15. Ne2 Be4 16. Ng3 Bd5 17. Ba4 Qd6 18. e4 Nxd4 19. Nxd4 Bb7 20. Nf3 Qb6 21.
Qc2 Rac8 22. Rxd8+ Bxd8 23. Qd2 Bf6 24. e5 Be7 25. Qd4 Qa5 26. Bc6 Bxc6 27.
Rxc6 Qxa2 28. Qd7 Rf8 29. Qxe7 Qa5 30. Rxc7 Qa1+ 31. Kh2 Qxb2 32. Qc5 1-0

[Event "MCR mladeze 2014, D12"]
[Site "Kouty nad Desnou"]
[Date "2014.03.08"]
[Round "1"]
[White "Postranecka, Zuzana"]
[Black "Laurincova, Kristyna"]
[Result "0-1"]
[WhiteElo "1100"]
[BlackElo "1476"]
[PlyCount "44"]
[EventDate "2014.03.08"]

1. e4 c5 2. Nf3 d6 3. d4 cxd4 4. Nxd4 Nf6 5. Nc3 g6 6. Bc4 Bg7 7. O-O O-O 8.
Re1 a6 9. Bf4 e5 10. Be3 exd4 11. Bxd4 Nc6 12. e5 Ng4 13. f3 Ngxe5 14. Bxe5
Bxe5 15. Qd5 Qh4 16. f4 Qxf4 17. Rf1 Qxh2+ 18. Kf2 Qg3+ 19. Ke2 Bg4+ 20. Kd2
Bf4+ 21. Rxf4 Qxf4+ 22. Kd3 Nb4# 0-1

[Event "MCR mladeze 2014, D12"]
[Site "Kouty nad Desnou"]
[Date "2014.03.08"]
[Round "1"]
[White "Markova, Kristyna"]
[Black "Steiningerova, Jana"]
[Result "1-0"]
[WhiteElo "1397"]
[BlackElo "1083"]
[PlyCount "28"]
[EventDate "2014.03.08"]

1. e4 e5 2. Nc3 Nf6 3. f4 Nc6 4. fxe5 Nxe5 5. d4 Bb4 6. dxe5
Bxc3+ 7. bxc3 Nxe4 8. Qf3 d5 9. exd6 Nxd6 10. Bd3 O-O 11. Ne2 Re8 12. O-O c6
13. Ba3 Qb6+ 14. Kh1 Qc7 {Necitelny zapis} 1-0

[Event "MCR mladeze 2014, D12"]
[Site "Kouty nad Desnou"]
[Date "2014.03.08"]
[Round "1"]
[White "Schwarzova, Natalie"]
[Black "Beranova, Karin"]
[Result "0-1"]
[WhiteElo "1072"]
[BlackElo "1366"]
[PlyCount "45"]
[EventDate "2014.03.08"]

1. e4 e5 2. Nf3 Nc6 3. Nc3 Bc5 4. Bb5 a6 5. Bxc6 dxc6 6. O-O Bg4 7. d3 Qf6
 8. Re1 Bxf3 9. Qxf3 Qxf3 10. gxf3 O-O-O 11. f4 Nf6 12. fxe5 Ng4
13. Be3 Bxe3 14. fxe3 Nxe5 15. Rad1 Nf3+ 16. Kh1 Nxe1 17. Rxe1 g5 18. Nd1 h5
19. Rf1 Rd7 20. Nf2 g4 21. e5 Re7 22. e4 f5 23. exf6 {Necitelny zapis} 0-1

[Event "MCR mladeze 2014, D12"]
[Site "Kouty nad Desnou"]
[Date "2014.03.08"]
[Round "1"]
[White "Vaskova, Marie"]
[Black "Jordova, Zdenka"]
[Result "1-0"]
[WhiteElo "1348"]
[BlackElo "1050"]
[PlyCount "43"]
[EventDate "2014.03.08"]

1. e4 c5 2. Nf3 d6 3. d4 cxd4 4. Nxd4 Nf6 5. Nc3 g6 6. Bd3 Bg7
7. Be3 O-O 8. Qd2 Nc6 9. Nb3 Bd7 10. O-O-O Rc8 11. Kb1 Ne5 12. Bxa7 Nxd3 13.
Qxd3 b6 14. Qa6 Rc6 15. Nd5 Rc8 16. Qxb6 Qxb6 17. Bxb6 Rb8 18. Ba5 Rb7 19. a3
Rc8 20. Bb4 Ng4 21. Rd2 Nxf2 22. Rxf2 {Necitelny zapis} 1-0

[Event "MCR mladeze 2014, D12"]
[Site "Kouty nad Desnou"]
[Date "2014.03.09"]
[Round "2"]
[White "Laurincova, Kristyna"]
[Black "Nemcova, Karin"]
[Result "0-1"]
[WhiteElo "1476"]
[BlackElo "1696"]
[PlyCount "106"]
[EventDate "2014.??.??"]

1. e4 d5 2. exd5 Qxd5 3. Nc3 Qa5 4. d4 c6 5. Bc4 Nf6 6. Bd2 Qc7 7. Nf3 Bf5 8.
Ne5 e6 9. Bf4 Bd6 10. Qd2 Nbd7 11. Nxd7 Qxd7 12. O-O-O O-O-O 13. Rhe1 Qc7 14.
Bxd6 Rxd6 15. h3 Rhd8 16. Qe3 Qb6 17. Ne2 Nd5 18. Bxd5 Rxd5 19. Rd2 Rb5 20. Qc3
e5 21. Red1 Qa5 22. Qxa5 Rxa5 23. Ng3 Bg6 24. a3 exd4 25. Rxd4 Rxd4 26. Rxd4
Rc5 27. Ne4 Re5 28. f3 a5 29. Kd2 Bxe4 30. Rxe4 Rxe4 31. fxe4 Kd7 32. Kd3 Ke6
33. Kd4 b6 34. b4 axb4 35. axb4 f6 36. g4 g5 37. c3 Kd6 38. c4 c5+ 39. bxc5+
bxc5+ 40. Ke3 Ke5 41. Kf3 Kd4 42. h4 h6 43. h5 Kxc4 44. e5 fxe5 45. Ke4 Kb3 46.
Kxe5 c4 47. Kf6 c3 48. Kg6 c2 49. Kxh6 c1=Q 50. Kg6 Qf4 51. h6 Qxg4 52. h7 Qe4+
53. Kh6 Qxh7+ 0-1

[Event "MCR mladeze 2014, D12"]
[Site "Kouty nad Desnou"]
[Date "2014.03.09"]
[Round "2"]
[White "Gresova, Zuzana"]
[Black "Janotkova, Katerina"]
[Result "1-0"]
[WhiteElo "1550"]
[BlackElo "1023"]
[PlyCount "53"]
[EventDate "2014.??.??"]

1. e4 e5 2. Nf3 Nc6 3. d4 exd4 4. Bc4 Nf6 5. e5 Ng4 6. O-O Bc5 7. h3 Nh6 8. c3
dxc3 9. Nxc3 b6 10. Nd5 Nb4 11. Bxh6 gxh6 12. Nxb4 Bxb4 13. Qd5 Qe7 14. Qxa8
Qd8 15. Qd5 Qe7 16. a3 Bxa3 17. Rxa3 O-O 18. Nd4 d6 19. exd6 cxd6 20. Re3 Qf6
21. Rfe1 Qd8 22. Nf5 Qf6 23. Nxd6 Rd8 24. Re8+ Rxe8 25. Rxe8+ Kg7 26. Rxc8 Qxb2
27. Qxf7# 1-0

[Event "MCR mladeze 2014, D12"]
[Site "Kouty nad Desnou"]
[Date "2014.03.09"]
[Round "2"]
[White "Beranova, Karin"]
[Black "Richterova, Julie"]
[Result "0-1"]
[WhiteElo "1336"]
[BlackElo "1506"]
[PlyCount "124"]
[EventDate "2014.??.??"]

1. e4 d5 2. exd5 Qxd5 3. Nc3 Qd6 4. Nf3 c6 5. Be2 Nf6 6. d3 Bg4 7. Bg5 e6 8.
Bxf6 gxf6 9. Ne4 Qf4 10. O-O Nd7 11. Re1 Rg8 12. Qd2 Qf5 13. Nd4 Qd5 14. Bxg4
Rxg4 15. Nf3 h5 16. c4 Qf5 17. Rad1 Qxf3 18. g3 Qf5 19. Re3 h4 20. h3 Rg8 21.
g4 Qg6 22. Kf1 f5 23. gxf5 Qxf5 24. d4 Rd8 25. d5 Ne5 26. Qd4 a6 27. Ke2 cxd5
28. Nf6+ Qxf6 29. Rxe5 Bd6 30. Rxd5 Be7 31. Qxf6 Bxf6 32. Rxd8+ Bxd8 33. c5 Be7
34. Rd4 Bxc5 35. Rxh4 Rg2 36. Rf4 Rh2 37. Rc4 Rxf2+ 38. Ke1 b6 39. b4 Be3 40.
Re4 Rf3 41. Ke2 Rxh3 42. Rxe3 Rxe3+ 43. Kxe3 Kd7 44. Kd4 Kd6 45. a4 f5 46. Ke3
e5 47. Kd2 Kd5 48. Kd3 f4 49. Ke2 e4 50. a5 b5 51. Kd1 Kd4 52. Kd2 f3 53. Ke1
Ke3 54. Kf1 f2 55. Kg2 Ke2 56. Kh2 Kf3 57. Kh3 f1=Q+ 58. Kh4 Qg1 59. Kh5 Kf4
60. Kh6 Kf5 61. Kh7 Kf6 62. Kh8 Qg7# 0-1

[Event "MCR mladeze 2014, D12"]
[Site "Kouty nad Desnou"]
[Date "2014.03.09"]
[Round "2"]
[White "Lorencova, Michaela"]
[Black "Vaskova, Marie"]
[Result "1-0"]
[WhiteElo "1256"]
[BlackElo "1348"]
[PlyCount "119"]
[EventDate "2014.03.08"]

1. e4 e5 2. Nf3 Nc6 3. Bc4 Bc5 4. c3 Nf6 5. d4 exd4 6. cxd4 Bb4+ 7. Bd2 Nxe4 8.
Bxb4 Nxb4 9. Bxf7+ Kxf7 10. Qb3+ d5 11. Qxb4 Re8 12. O-O b6 13. Nbd2 Nxd2 14.
Qxd2 Qf6 15. Rac1 c6 16. Ne5+ Kg8 17. Rxc6 Qf5 18. Re1 Bd7 19. Rd6 Be6 20. Nf3
Bf7 21. Rxe8+ Rxe8 22. h3 Qb1+ 23. Kh2 Qxa2 24. b4 Qxd2 25. Nxd2 h6 26. Kg3 Re2
27. Rd8+ Kh7 28. Nf3 Kg6 29. Ne5+ Kf6 30. Nxf7 Kxf7 31. Rxd5 Ke6 32. Rd8 Rb2
33. d5+ Ke7 34. Ra8 Ra2 35. Kf3 Ra4 36. Ke3 Kd6 37. Rd8+ Ke7 38. Rg8 Kf7 39.
Rc8 a5 40. bxa5 bxa5 41. Rc7+ Kf8 42. d6 Ke8 43. Rxg7 Rh4 44. Ra7 a4 45. f4 Rh5
46. Rxa4 Kd7 47. Rd4 Rf5 48. g4 Rf6 49. Ke4 Rf7 50. f5 h5 51. g5 Kc8 52. d7+
Rxd7 53. Rxd7 Kxd7 54. Ke5 Ke7 55. f6+ Kf7 56. Kf5 h4 57. g6+ Kf8 58. g7+ Kf7
59. Kg5 Kg8 60. Kh6 1-0

[Event "MCR mladeze 2014, D12"]
[Site "Kouty nad Desnou"]
[Date "2014.03.09"]
[Round "2"]
[White "Kocourkova, Klara"]
[Black "Vilimova, Julie"]
[Result "0-1"]
[WhiteElo "1297"]
[BlackElo "1567"]
[PlyCount "66"]
[EventDate "2014.03.08"]

1. Nf3 d5 2. d4 Nf6 3. c4 e6 4. Nc3 c6 5. cxd5 exd5 6. Bf4 Bd6 7. e3 O-O 8. Bd3
Re8 9. O-O Qe7 10. Bxd6 Qxd6 11. h3 Nbd7 12. Rc1 Ne4 13. Qc2 Nef6 14. Na4 h6
15. Nc5 Qe7 16. Qb3 Nxc5 17. Rxc5 Ne4 18. Rcc1 Qf6 19. Ne5 Nd2 20. Bh7+ Kh8 21.
Qc2 Nxf1 22. Nxf7+ Qxf7 23. Bg6 Qe7 24. Bxe8 Qxe8 25. Rxf1 Qf7 26. b3 Bf5 27.
Qd2 Qg6 28. Kh2 Be6 29. b4 Rf8 30. a3 Qh5 31. Qc2 Bxh3 32. gxh3 Rf3 33. Kg1
Rxh3 0-1

[Event "MCR mladeze 2014, D12"]
[Site "Kouty nad Desnou"]
[Date "2014.03.09"]
[Round "2"]
[White "Steiningerova, Jana"]
[Black "Solcova, Andrea"]
[Result "0-1"]
[WhiteElo "1083"]
[BlackElo "1260"]
[Annotator "Doe,John"]
[PlyCount "54"]
[EventDate "2014.03.08"]

1. e4 e5 2. Nf3 Nc6 3. Bc4 Nf6 4. d3 d5 5. exd5 Nxd5 6. O-O
Bc5 7. Re1 f6 8. Nc3 Be6 9. Bd2 Qd7 10. Qe2 O-O-O 11. Be3 Bxe3 12. Bxd5 Bxd5
13. Qxe3 b6 14. d4 Rhe8 15. dxe5 Nxe5 16. Rad1 Nxf3+ 17. gxf3 Rxe3 18. fxe3 Qe6
19. Nb5 Kb7 20. Rd4 Bxf3 21. h3 Rxd4 22. Nxd4 Qxh3 23. Nxf3 Qxf3 24. e4 h5 25.
b4 h4 26. e5 h3 27. Rf1 Qg2# 0-1

[Event "MCR mladeze 2014, D12"]
[Site "Kouty nad Desnou"]
[Date "2014.03.09"]
[Round "2"]
[White "Jordova, Zdenka"]
[Black "Urbanova, Daniela"]
[Result "0-1"]
[WhiteElo "1050"]
[BlackElo "1239"]
[PlyCount "110"]
[EventDate "2014.03.08"]

1. e4 e5 2. Nf3 Nc6 3. Nc3 Bc5 4. Bc4 Nf6 5. O-O d6 6. d3 Bg4 7. Bg5 h6 
8. Bh4 O-O 9. Bb5 Nd4 10. h3 Nxf3+ 11. gxf3 Be6 12. Kh1 c6
13. Ba4 Bxh3 14. Rg1 Qe7 15. Bb3 Be6 16. Bxe6 Qxe6 17. Qf1 d5 18. exd5 cxd5 19.
Na4 b6 20. Nxc5 bxc5 21. Qg2 Nh5 22. Rae1 g6 23. c4 d4 24. Qg4 Qxg4 25. fxg4
Nf4 26. Be7 Rfe8 27. Bxc5 Nxd3 28. Re4 Nxf2+ 29. Kg2 Nxe4 30. Bb4 Rad8 31. Ba5
Rd7 32. Rh1 d3 33. Kf3 d2 34. Rd1 Ng5+ 35. Ke2 Rd4 36. b3 Rxg4 37. Bxd2 Rd8 38.
c5 h5 39. Ba5 Rxd1 40. Kxd1 Rd4+ 41. Kc2 Ne6 42. c6 Rd5 43. b4 h4 44. Kc3 h3
45. Kc4 Rxa5 46. bxa5 h2 47. c7 Nxc7 48. Kc5 h1=Q 49. Kd6 Qc1 50. Kxe5 Qd2 51.
a3 Qxa5+ 52. Kd6 Qb6+ 53. Kd7 Kf8 54. a4 Ne6 55. Kc8 Qc7# 0-1

[Event "MCR mladeze 2014, D12"]
[Site "Kouty nad Desnou"]
[Date "2014.03.09"]
[Round "2"]
[White "Otrubova, Kristyna"]
[Black "Postranecka, Zuzana"]
[Result "1-0"]
[WhiteElo "1192"]
[BlackElo "1100"]
[PlyCount "37"]
[EventDate "2014.03.08"]

1. e4 e5 2. Nf3 Nf6 3. Nc3 Nc6 4. Bc4 Bc5 5. d3 d6 6. h3 Be6
7. Bb3 Qd7 8. Bg5 O-O-O 9. Qd2 Bxb3 10. axb3 h6 11. Be3 Bb4 12. Bxa7 d5 13.
exd5 Qxd5 14. Nxd5 Bxd2+ 15. Kxd2 Nxd5 16. Bc5 Ndb4 17. Bxb4 Nxb4 18. Nxe5 Rde8
19. Ra8# 1-0

[Event "MCR mladeze 2014, D12"]
[Site "Kouty nad Desnou"]
[Date "2014.03.10"]
[Round "3"]
[White "Nemcova, Karin"]
[Black "Gresova, Zuzana"]
[Result "1-0"]
[WhiteElo "1696"]
[BlackElo "1550"]
[PlyCount "41"]
[EventDate "2014.??.??"]

1. e4 c5 2. Nf3 e6 3. d4 cxd4 4. Nxd4 Nf6 5. Nc3 Nc6 6. Ndb5 Bc5 7. Bg5 Qb6 8.
Qd2 a6 9. Na4 Bxf2+ 10. Kd1 Qd8 11. Nd6+ Kf8 12. Qxf2 b5 13. Bxf6 gxf6 14. Nc5
Qe7 15. Qd2 Rg8 16. Ke2 e5 17. Qh6+ Rg7 18. Qxg7+ Kxg7 19. Nf5+ Kf8 20. Nxe7
Kxe7 21. c3 1-0

[Event "MCR mladeze 2014, D12"]
[Site "Kouty nad Desnou"]
[Date "2014.03.10"]
[Round "3"]
[White "Richterova, Julie"]
[Black "Pribylova, Sofie"]
[Result "1/2-1/2"]
[WhiteElo "1506"]
[BlackElo "1540"]
[PlyCount "59"]
[EventDate "2014.??.??"]

1. e4 c5 2. Nf3 d6 3. Bb5+ Bd7 4. Bxd7+ Qxd7 5. c4 Nc6 6. Nc3 Nf6 7. O-O g6 8.
d4 cxd4 9. Nxd4 Bg7 10. Be3 O-O 11. f3 Rac8 12. b3 Nxd4 13. Bxd4 b6 14. Rc1
Rfd8 15. Qd2 Qb7 16. Rfd1 Qd7 17. Nd5 Nxd5 18. exd5 Bxd4+ 19. Qxd4 e5 20. dxe6
Qxe6 21. Re1 Qd7 22. Rc3 d5 23. cxd5 Rxc3 24. Qxc3 Qxd5 25. Kf1 Qd3+ 26. Qxd3
Rxd3 27. Re7 a5 28. Ke2 Rd6 29. Re3 Kf8 30. Re4 1/2-1/2

[Event "MCR mladeze 2014, D12"]
[Site "Kouty nad Desnou"]
[Date "2014.03.10"]
[Round "3"]
[White "Vilimova, Julie"]
[Black "Laurincova, Kristyna"]
[Result "0-1"]
[WhiteElo "1573"]
[BlackElo "1476"]
[PlyCount "46"]
[EventDate "2014.??.??"]

1. e4 c5 2. Nf3 d6 3. d4 cxd4 4. Nxd4 Nf6 5. Nc3 g6 6. g3 Bg7 7. Bg2 O-O 8. O-O
Nc6 9. Nde2 Bd7 10. h3 Rc8 11. Be3 Ne5 12. Nd5 Nxd5 13. exd5 Nc4 14. Bd4 Nxb2
15. Qb1 Bxd4 16. Nxd4 Qb6 17. Nb3 Nc4 18. Re1 Na3 19. Qd1 Nxc2 20. Re4 Nxa1 21.
Nxa1 Qb2 22. Re1 Bf5 23. Rf1 Qxa2 0-1

[Event "MCR mladeze 2014, D12"]
[Site "Kouty nad Desnou"]
[Date "2014.03.10"]
[Round "3"]
[White "Markova, Kristyna"]
[Black "Lorencova, Michaela"]
[Result "1-0"]
[WhiteElo "1366"]
[BlackElo "1256"]
[PlyCount "57"]
[EventDate "2014.??.??"]

1. e4 e5 2. Nc3 Nf6 3. f4 d5 4. fxe5 Nxe4 5. Nf3 Nxc3 6. bxc3 Nc6 7. d4 Be7 8.
Bb5 Bd7 9. O-O O-O 10. c4 Be6 11. cxd5 Bxd5 12. Bxc6 Bxc6 13. c4 Bb4 14. d5
Bc5+ 15. Kh1 Bd7 16. Nd4 Qe7 17. Re1 Bxd4 18. Qxd4 c5 19. Ba3 b6 20. Qc3 Rae8
21. Re3 Qg5 22. Rae1 Qh6 23. Bc1 Qg6 24. Rg3 Qf5 25. e6 f6 26. Rf3 Qg6 27. exd7
Rd8 28. Qe3 Rxd7 29. Qe6+ 1-0

[Event "MCR mladeze 2014, D12"]
[Site "Kouty nad Desnou"]
[Date "2014.03.10"]
[Round "3"]
[White "Janotkova, Katerina"]
[Black "Beranova, Karin"]
[Result "1-0"]
[WhiteElo "1023"]
[BlackElo "1366"]
[PlyCount "119"]
[EventDate "2014.03.08"]

1. e4 e5 2. Nf3 Nc6 3. Bb5 Bc5 4. O-O a6 5. Bxc6 dxc6 6. Nxe5 Qe7 7. Nf3 Bg4 8.
Nc3 O-O-O 9. Re1 Kb8 10. d3 Nf6 11. Bf4 h6 12. Rb1 g5 13. Bg3 h5 14. h4 Qd7 15.
b4 Bd4 16. Rb3 Bxc3 17. Rxc3 Nxe4 18. Rxe4 f5 19. Re1 f4 20. Bh2 Qg7 21. hxg5
Qxc3 22. Bxf4 Qxb4 23. Be5 Rhe8 24. c3 Qa5 25. Bf6 Rxe1+ 26. Qxe1 Rxd3 27. Qe8+
Ka7 28. g6 Qc5 29. Bd4 Rxd4 30. cxd4 Qc1+ 31. Kh2 Qf4+ 32. Kg1 Qc1+ 33. Ne1 Qh6
34. Qg8 Bf5 35. g7 h4 36. Qh8 Bh7 37. g8=Q h3 38. Qgxh7 h2+ 39. Kh1 Qc1 40.
Qxh2 Qxe1+ 41. Qg1 Qxg1+ 42. Kxg1 b5 43. Qc8 a5 44. Qxc7+ Ka6 45. Qxc6+ Ka7 46.
Qxb5 Ka8 47. f4 a4 48. Qxa4+ Kb7 49. f5 Kc7 50. f6 Kd6 51. Qa6+ Kd7 52. f7 Ke7
53. Qa7+ Ke6 54. f8=R Kd5 55. Re8 Kc4 56. Qc7+ Kd3 57. d5 Kd2 58. d6 Kd1 59. d7
Kd2 60. d8=R# 1-0

[Event "MCR mladeze 2014, D12"]
[Site "Kouty nad Desnou"]
[Date "2014.03.10"]
[Round "3"]
[White "Vaskova, Marie"]
[Black "Otrubova, Kristyna"]
[Result "0-1"]
[WhiteElo "1348"]
[BlackElo "1192"]
[PlyCount "76"]
[EventDate "2014.03.08"]

1. e4 e5 2. Nf3 Nc6 3. d4 exd4 4. Nxd4 Bc5 5. Be3 Qf6 6. c3 Qg6 7. Qf3 Nf6 8.
Nxc6 Bxe3 9. Ne5 Qg5 10. Nxf7 Bxf2+ 11. Kxf2 Kxf7 12. Bc4+ Ke8 13. e5 Ng4+ 14.
Kg1 Qc1+ 15. Bf1 Rf8 16. Qe2 Ne3 17. Nd2 Qxa1 18. Qxe3 Qxb2 19. a4 Qb6 20. Qxb6
axb6 21. Bb5 c6 22. Bd3 Rxa4 23. h3 h6 24. Nc4 Ra1+ 25. Kh2 Rxh1+ 26. Kxh1 Ke7
27. Nxb6 Ke6 28. Nc4 b5 29. Nd6 Kxe5 30. Nf5 Rxf5 31. Bxf5 Kxf5 32. Kg1 Ke4 33.
c4 bxc4 34. Kf2 Kd3 35. Ke1 Kc2 36. g3 c3 37. g4 Kb2 38. Kd1 c2+ 0-1

[Event "MCR mladeze 2014, D12"]
[Site "Kouty nad Desnou"]
[Date "2014.03.10"]
[Round "3"]
[White "Solcova, Andrea"]
[Black "Schwarzova, Natalie"]
[Result "0-1"]
[WhiteElo "1260"]
[BlackElo "1072"]
[PlyCount "34"]
[EventDate "2014.03.08"]

1. e4 d5 2. exd5 Nf6 3. Nc3 Nxd5 4. Nxd5 Qxd5 5. Nf3 Nc6 6. b3 Bg4 7. Be2 O-O-O
8. h3 Bxf3 9. Bxf3 Qe5+ 10. Qe2 Qxa1 11. O-O e6 12. d3 Qxa2 13. Bd2 Bb4 14. Be3
Rd6 15. Bxc6 Rxc6 16. Rc1 Rd8 17. Qg4 Ba3 0-1